Statistiques concernant Surnom équipes de foot Anglaise

Cliquez ici pour prendre le quiz!

Statistiques générales

  • Ce quiz a été pris 123 fois
  • Le résultat moyen est 7 sur 15

Statistiques - réponses

HintRéponse% Correct
ArsenalGunners
89%
ChelseaBlues
87%
Manchester unitedRed devils
83%
TottenhamSpurs
67%
West hamHammers
65%
Manchester cityCitizens
59%
LeceisterFoxes
50%
NewcastleMagpies
46%
EvertonToffees
34%
BrentfordBees
33%
Crystal PalaceEagles
33%
BrightonSeagulls
27%
Norwich CityCanaries
14%
BurnleyClarets
6%
Aston VillaVillians
3%

Distribution des résultats

Percentile par nombre de réponses

% des personnes avec chaque résultat

Votre développement - résultats

Vous n’avez pas pris ce quiz